00721 a2200229 4500001000700000003000400007005001700011008004100028082001800069100002000087245009100107260003100198300000900229653001600238653001600254653001800270653002800288700002000316942001200336999001700348952012600365148739OSt20211011173651.0  a511.313bC35R1 aCastillo, Oscar1 aRecent advances in interval type-2 fuzzy systemscby Oscar Castillo and Patricia Melin aHeidelbergbSpringerc2012 a90p. aMathematics aFuzzy logic aFuzzy systems aArtificial intelligence aMelin, Patricia 2ddccBK c13595d13595 00102ddc40708TXBaCURAJbCURAJd2015-09-11eMTH(P)g0.00o511.313 C35Rp22400q2018-01-01r2020-09-02w2020-09-02yBK